[Event "DSOL 07 Liga Final 1st"]
[Site "Playchess.com INT"]
[Date "2020.09.04"]
[Round "2.3"]
[White "Lox, Nils Norman"]
[Black "Kliffken, Julian"]
[Result "1-0"]
[WhiteElo "1428"]
[BlackElo "1408"]
[PlyCount "99"]
[EventDate "2020.06.22"]
[EventType "team-k.o. (rapid)"]
[EventCountry "GER"]
[SourceTitle "EXT 2021"]
[Source "ChessBase"]
[SourceDate "2020.10.23"]
[SourceVersion "1"]
[SourceVersionDate "2020.10.23"]
[SourceQuality "1"]
[WhiteTeam "Barnim II"]
[BlackTeam "Porz SG III"]
[WhiteTeamCountry "GER"]
[BlackTeamCountry "GER"]

1. d4 d5 2. Nf3 Nc6 3. e3 Bg4 4. Be2 Nf6 5. 0-0 g6 6. b3 Bg7 7. Bb2 0-0 8. Ne5 Bxe2 9. Qxe2 Nxe5 10. dxe5 Nd7 11. f4 e6 12. Nd2 Nb6 13. Ba3 Re8 14. Rfd1 Nd7 15. c4 c6 16. Bd6 Bf8 17. Bxf8 Rxf8 18. Nf3 Qe7 19. Rac1 Nb6 20. cxd5 cxd5 21. Nd4 a6 22. Qd2 Rac8 23. Qa5 Nd7 24. Rc7 Rfe8 25. Rxb7 Qd8 26. Qxd8 Rexd8 27. b4 Nb8 28. Rd2 Rc4 29. Rc2 Rdc8 30. Rxc4 dxc4 31. Nc2 c3 32. Kf2 Nc6 33. Kf3 Rd8 34. Rb6 Rd2 35. Rxc6 Rxc2 36. Rxa6 Rb2 37. a3 c2 38. Rc6 Ra2 39. b5 Kf8 40. Ke4 Ke7 41. Kd3 Rxa3+ 42. Kxc2 Ra2+ 43. Kb3 Rxg2 44. b6 Kd7 45. b7 Rg1 46. Kb2 Rg2+ 47. Kc3 Rg1 48. b8Q Rc1+ 49. Kd3 Rd1+ 50. Kc2 1-0

[Event "GER-chT U10"]
[Site "Magdeburg"]
[Date "2016.12.28"]
[Round "4.1"]
[White "Hommer, Jeremy"]
[Black "Lox, Nils Norman"]
[Result "1/2-1/2"]
[WhiteElo "1664"]
[BlackElo "1416"]
[PlyCount "35"]
[EventDate "2016.12.27"]
[EventType "team-swiss"]
[EventRounds "7"]
[EventCountry "GER"]
[SourceTitle "EXT 2018"]
[Source "ChessBase"]
[SourceDate "2017.10.13"]
[SourceVersion "1"]
[SourceVersionDate "2017.10.13"]
[SourceQuality "1"]
[WhiteTeam "Lueneburg Turm"]
[BlackTeam "Berlin Eintracht"]
[WhiteTeamCountry "GER"]
[BlackTeamCountry "GER"]

1. d4 d5 2. Bf4 e6 3. e3 f5 4. Nf3 Nf6 5. Ne5 Bd6 6. Bd3 c6 7. Nd2 0-0 8. c3 Ne4 9. h3 Qe7 10. Qc2 Nd7 11. g4 Bxe5 12. dxe5 Ndc5 13. Nf3 Nxd3+ 14. Qxd3 c5 15. gxf5 Rxf5 16. Qe2 Bd7 17. 0-0-0 b5 18. Rhg1 1/2-1/2

[Event "EU Union-ch U10"]
[Site "Kouty nad Desnou"]
[Date "2016.08.13"]
[Round "8"]
[White "Lox, Nils Norman"]
[Black "Kostov, Deyan Samuil"]
[Result "0-1"]
[WhiteElo "1480"]
[BlackElo "1698"]
[PlyCount "94"]
[EventDate "2016.08.06"]
[EventType "swiss"]
[EventRounds "9"]
[EventCountry "CZE"]
[SourceTitle "CBM 174 Extra"]
[Source "ChessBase"]
[SourceDate "2016.10.10"]
[SourceVersion "1"]
[SourceVersionDate "2016.10.10"]
[SourceQuality "1"]

1. e4 c5 2. Nc3 Nc6 3. g3 g6 4. Bg2 Bg7 5. d3 e6 6. Nge2 Nge7 7. 0-0 0-0 8. Be3 Nd4 9. f4 d6 10. g4 f5 11. g5 Rb8 12. Rb1 Nec6 13. h4 Bd7 14. Ng3 Re8 15. Qd2 b5 16. a3 a5 17. Kh2 b4 18. axb4 axb4 19. Nd1 Qc7 20. h5 Kf7 21. h6 Bh8 22. Ne2 Nxe2 23. Qxe2 Nd4 24. Qd2 Bc6 25. Nf2 Ra8 26. Ra1 Nb5 27. Rxa8 Rxa8 28. Rb1 Ra2 29. exf5 exf5 30. Nd1 Qb7 31. Kg3 Bxg2 32. Qxg2 Qxg2+ 33. Kxg2 Ke7 34. Kf2 Kd7 35. Ke2 Kc6 36. Bc1 d5 37. Ne3 Kd6 38. Kd2 Bd4 39. Ke2 Nc7 40. Nd1 Nb5 41. Ne3 Nc7 42. Nd1 c4 43. dxc4 dxc4 44. Kd2 Nd5 45. Ke2 Kc5 46. Nf2 b3 47. c3 Nxc3+ 0-1

[Event "EU Union-ch U10"]
[Site "Kouty nad Desnou"]
[Date "2016.08.08"]
[Round "3"]
[White "Lox, Nils Norman"]
[Black "Nespora, Tatana"]
[Result "1-0"]
[WhiteElo "1480"]
[BlackElo "1083"]
[PlyCount "105"]
[EventDate "2016.08.06"]
[EventType "swiss"]
[EventRounds "9"]
[EventCountry "CZE"]
[SourceTitle "CBM 174 Extra"]
[Source "ChessBase"]
[SourceDate "2016.10.10"]
[SourceVersion "1"]
[SourceVersionDate "2016.10.10"]
[SourceQuality "1"]

1. d4 d5 2. Nf3 Nf6 3. e3 Bg4 4. Bd3 Nbd7 5. Nbd2 e6 6. 0-0 Be7 7. c3 0-0 8. e4 c5 9. e5 Nh5 10. h3 Nf4 11. Bxh7+ Kxh7 12. hxg4 Rc8 13. Nb3 Ng6 14. Nh2 c4 15. Nd2 Kg8 16. f4 Qb6 17. g3 f6 18. Kg2 fxe5 19. dxe5 d4 20. cxd4 Qxd4 21. Ndf3 Qxd1 22. Rxd1 Nc5 23. Be3 b5 24. Bxc5 Bxc5 25. Nd4 Bxd4 26. Rxd4 a5 27. Rc1 Rfd8 28. Rdd1 Rxd1 29. Rxd1 b4 30. Kf2 Ne7 31. Nf1 Nd5 32. Ne3 c3 33. Nxd5 exd5 34. bxc3 bxc3 35. Ke3 d4+ 36. Kd3 Kf7 37. Rc1 Rd8 38. f5 Ke7 39. g5 a4 40. a3 Kf7 41. g4 g6 42. Rh1 Kg7 43. e6 Rc8 44. Kxd4 c2 45. Rc1 Rd8+ 46. Ke5 Rd1 47. Rxc2 Re1+ 48. Kd6 Rd1+ 49. Ke7 Rd3 50. f6+ Kg8 51. f7+ Kh7 52. Rh2+ Kg7 53. f8Q# 1-0

[Event "GER-ch U10"]
[Site "Willingen"]
[Date "2016.05.16"]
[Round "3.20"]
[White "Chassard, Cedric"]
[Black "Lox, Nils Norman"]
[Result "1/2-1/2"]
[WhiteElo "833"]
[BlackElo "1321"]
[PlyCount "86"]
[EventDate "2016.05.15"]
[EventType "swiss"]
[EventRounds "11"]
[EventCountry "GER"]
[SourceTitle "CBM 172 Extra"]
[Source "ChessBase"]
[SourceDate "2016.06.21"]
[SourceVersion "1"]
[SourceVersionDate "2016.06.21"]
[SourceQuality "1"]

1. e4 e5 2. Nf3 Nc6 3. Bc4 Bc5 4. Nc3 d6 5. d3 h6 6. h3 Nf6 7. Nd5 Be6 8. Nxf6+ gxf6 9. Be3 Bb6 10. Bxe6 fxe6 11. Qd2 Bxe3 12. Qxe3 Qd7 13. 0-0-0 0-0-0 14. d4 Kb8 15. Rd3 exd4 16. Nxd4 Nxd4 17. Qxd4 e5 18. Qb4 Qc6 19. Rc3 Qb6 20. Qxb6 axb6 21. Rd1 Rd7 22. Ra3 Rhd8 23. f3 d5 24. exd5 Rxd5 25. Rxd5 Rxd5 26. c3 Ra5 27. Rxa5 bxa5 28. Kd2 Kc8 29. Kd3 Kd7 30. b3 Kd6 31. a3 b5 32. c4 c6 33. cxb5 cxb5 34. g4 Kd5 35. Ke3 a4 36. bxa4 bxa4 37. Kd3 Kc5 38. Kc3 Kd5 39. Kd3 Kc5 40. Kc3 Kd5 41. Kd3 Kc5 42. Kc3 Kd5 43. Kd3 Kc5 1/2-1/2

[Event "GER-chT U10"]
[Site "Magdeburg"]
[Date "2015.12.29"]
[Round "6.1"]
[White "Duduka, Artem"]
[Black "Lox, Nils Norman"]
[Result "1/2-1/2"]
[WhiteElo "1113"]
[BlackElo "1131"]
[PlyCount "39"]
[EventDate "2015.12.27"]
[EventType "team-swiss"]
[EventRounds "7"]
[EventCountry "GER"]
[SourceTitle "EXT 2017"]
[Source "ChessBase"]
[SourceDate "2016.10.25"]
[SourceVersion "1"]
[SourceVersionDate "2016.10.25"]
[SourceQuality "1"]
[WhiteTeam "Berlin Nord Ost"]
[BlackTeam "Berlin Eintracht"]
[WhiteTeamCountry "GER"]
[BlackTeamCountry "GER"]

1. e4 d5 2. exd5 Qxd5 3. Nc3 Qa5 4. d4 c6 5. Nf3 Qc7 6. Bc4 Bf5 7. 0-0 Nf6 8. Bb3 e6 9. a3 Bd6 10. h3 0-0 11. Bg5 Nbd7 12. Re1 Rfe8 13. Bxf6 Nxf6 14. Nh4 Bg6 15. Nxg6 hxg6 16. Ne4 Be7 17. Qf3 Nxe4 18. Qxe4 Rad8 19. c3 Qb6 20. Qc2 1/2-1/2